Don't Forget 'The' Movie Quiz Stats

Quiz Updated Jun 23, 2014

Challenge
Share
Tweet
Embed
Score 0/25 Timer 03:00
7 Plays Today
% Correct
Big Lebowski
94%
Godfather
93.3%
Exorcist
93.1%
Breakfast Club
91.6%
Matrix
90%
King's Speech
89.8%
Hangover
88.7%
Bourne Identity
85.6%
Green Mile
85.6%
Hunger Games
84.8%
Wizard of Oz
84.5%
Last Of The Mohicans
83.2%
Sixth Sense
82.4%
% Correct
Usual Suspects
80.8%
Wolf of Wall Street
80.7%
Royal Tenenbaums
79.3%
Blues Brothers
79.2%
Untouchables
79.2%
Grapes of Wrath
79.2%
Silence of the Lambs
77.6%
Goonies
77.1%
Shawshank Redemption
71.3%
Deer Hunter
67.7%
Lord Of The Rings: The Return Of The King
67.2%
Terminator
53.5%

You're not logged in!

Compare scores with friends on all Sporcle quizzes.
Sign Up with Email
OR
Log In

You Might Also Like...

Show Comments

Extras

Top Quizzes Today


Score Distribution

Your Account Isn't Verified!

In order to create a playlist on Sporcle, you need to verify the email address you used during registration. Go to your Sporcle Settings to finish the process.